Animaux les plus mortels de France - Statistiques

Statistiques générales
  • Ce quiz a été pris 1 925 fois
  • Le résultat moyen est 2 sur 8
Statistiques - réponses
Hint Réponse % Correct
5 Moustique
93%
7 Requin
42%
3 Vipère
26%
4 Tique
21%
1 Frelon Asiatique
8%
2 Veuve noire
6%
6 Vive
2%
8 Scolopendre
1%
Aucun quiz correspondant
Distribution des résultats
% des personnes avec chaque résultat
Percentile par nombre de réponses
Votre historique - résultats
Vous n’avez pas pris ce quiz